000
00296nam a22001337a 4500
008
170220b xxu||||| |||| 00| 0 eng d
020
_a
9780721604350
041
_a
eng
080
_2
6ed
_a
615
100
_a
5
101
_a
shf
245
_a
MEDICAL COMLICATIONS DURING
_c
BURROW
942
_2
udc
_c
BK
999
_c
5758
_d
5758